000
00317nam a2200121Ia 4500
008
230907s9999||||xx |||||||||||||| ||und||
082
_a
891.4393
_b
UME
245
0
_a
شھرِ ذات , Shehre zaat/
260
_a
Ilm-O-Irfan Publishers,
_b
Lahore :
_c
2018
300
_a
176 p.
650
_a
Urdu Literature
942
_c
BK
999
_c
599759
_d
599759